Boys' Names in Top 1000-S (2023) - Statistics

General Stats
  • This quiz has been taken 258 times
  • The average score is 18 of 47
Answer Stats
Answer % Correct
Sam
95%
Samuel
93%
Sean
89%
Shawn
89%
Stephen
85%
Steven
85%
Simon
71%
Sebastian
61%
Shane
59%
Stanley
58%
Stefan
55%
Solomon
52%
Scott
49%
Seth
49%
Saul
48%
Sawyer
48%
Silas
47%
Sylas
47%
Sonny
46%
Samson
42%
Spencer
40%
Skyler
39%
Sullivan
35%
Santiago
34%
Sergio
30%
Sterling
29%
Salvador
28%
Salvatore
28%
Shiloh
28%
Sutton
28%
Sage
27%
Seven
26%
Sevyn
26%
Stetson
22%
Soren
21%
Shepard
19%
Shepherd
19%
Saint
17%
Stone
17%
Salem
14%
Santino
14%
Samir
12%
Santana
11%
Santos
11%
Sincere
5%
Shmuel
3%
Semaj
1%
No matching quizzes found
Score Distribution
Percent of People with Each Score
Percentile by Number Answered
Your Score History
You have not taken this quiz